00331nam a2200121Ia 4500008004100000041001200041082002200053100002000075245004600095260002400141300001400165650003000179231217s9999 xx 000 0 und d aEnglish a001.64404 ZUR;21 aZurada, Jacek M 0aIntroduction to artificial neural systems c2004bJaicoaMumbai axxiv+I-19 aArtificial Neural systems